4-Letter Countries: Merged & Mixed Quiz Stats

 Plays Quiz not verified by Sporcle

Challenge
Share
Tweet
Embed
Score 0/5 Timer 02:00
1 Play Today
Merged & Mixed 4-Letter Countries % Correct
GOATDOCHChad Togo
92%
LOAMALSILaos Mali
83.8%
JUICFAIBCuba Fiji
82.1%
ARONNIMAIran Oman
79.1%
REQUIPARIraq Peru
78.7%

You're not logged in!

Compare scores with friends on all Sporcle quizzes.
OR
Log In

You Might Also Like...

Show Comments

Extras

Top Quizzes Today


Score Distribution

Your Account Isn't Verified!

In order to create a playlist on Sporcle, you need to verify the email address you used during registration. Go to your Sporcle Settings to finish the process.

Report this User

Report this user for behavior that violates our Community Guidelines.

Details: